Vista normal Vista MARC

Entrada Corporate Name

Número de registros utilizados en: 1

001 - CONTROL NUMBER

  • control field: 8804

003 - CONTROL NUMBER IDENTIFIER

  • control field: OSt

005 - DATE AND TIME OF LATEST TRANSACTION

  • control field: 20200814161445.0

008 - FIXED-LENGTH DATA ELEMENTS

  • fixed length control field: 200814|| aca||aabn | a|a d

040 ## - CATALOGING SOURCE

  • Original cataloging agency: OSt
  • Transcribing agency: OSt

110 ## - HEADING--CORPORATE NAME

  • Corporate name or jurisdiction name as entry element: Defensoría del Pueblo (Bogotá)

670 ## - SOURCE DATA FOUND

  • Source citation: Work cat.: (OSt)6314: Defensoría del Pueblo (Bogotá), La tutela y los derechos a la salud y a la seguridad social 2013 / , 2014